Countries With the Most ISS visitors per 100M inhabitants - Statistics

General Stats
  • This quiz has been taken 8 times
  • The average score is 4 of 7
Answer Stats
ISS visitors per 100M inhabitants Country % Correct
22.43 Canada
100%
48.66 United States
100%
43.75 Russia
71%
18.77 Sweden
57%
11.11 Belarus
14%
16.66 Denmark
14%
17.63 United Arab Emirates
14%
No matching quizzes found
Score Distribution
Percent of People with Each Score
Percentile by Number Answered
Your Score History
You have not taken this quiz